[Event "FRA-chT Top 12 2019"]
[Site "Brest"]
[Date "2019.05.26"]
[Round "9.8"]
[White "Leconte, Maria"]
[Black "Bolon, Karelle"]
[Result "1/2-1/2"]
[WhiteElo "2246"]
[BlackElo "2018"]
[Annotator "NA"]
[PlyCount "84"]
[EventDate "2019.05.18"]
[EventType "team-tourn"]
[EventCountry "FRA"]
[SourceTitle "playchess.com"]
[Source "ChessBase"]
[SourceQuality "1"]
[TimeControl "40/5400+30:1800+30"]

1. e4 {[%emt 0:00:00]} c5 {[%emt 0:00:00]} 2. Nf3 {[%emt 0:00:00]} e6 {[%emt 0:00:02]} 3. d4 {[%emt 0:00:03]} cxd4 {[%emt 0:00:13]} 4. Nxd4 {[%emt 0:00:04]} Nf6 {[%emt 0:00:29]} 5. Nc3 {[%emt 0:00:23]} Bb4 {[%emt 0:00:19]} 6. e5 {[%emt 0:11:09]} Nd5 {[%emt 0:03:20]} 7. Bd2 {[%emt 0:05:40]} Nxc3 {[%emt 0:03:07]} 8. bxc3 {[%emt 0:00:17]} Be7 {[%emt 0:00:25]} 9. Qg4 {[%emt 0:04:52]} g6 {[%emt 0:03:14]} 10. Bd3 {[%emt 0:06:56]} Qa5 {[%emt 0:17:42]} 11. Qg3 {[%emt 0:19:22]} Nc6 {[%emt 0:03:50]} 12. Nb5 {[%emt 0:07:12]} a6 {[%emt 0:05:17]} 13. c4 {[%emt 0:05:44]} Nb4 {[%emt 0:20:10]} 14. Nd6+ {[%emt 0:00:24]} Bxd6 {[%emt 0:00:17]} 15. exd6 {[%emt 0:00:04]} Nxd3+ {[%emt 0:00:43]} 16. cxd3 {[%emt 0:00:11]} Qf5 {[%emt 0:03:55]} 17. O-O {[%emt 0:02:21]} b5 {[%emt 0:01:58]} 18. Rfe1 {[%emt 0:05:19]} h5 {[%emt 0:05:27]} 19. Bc3 {[%emt 0:01:23]} h4 {[%emt 0:05:48]} 20. Qe3 {[%emt 0:02:19]} Rh5 {[%emt 0:06:01]} 21. h3 {[%emt 0:00:48]} Bb7 {[%emt 0:00:39]} 22. f4 f6 {[%emt 0:04:17]} 23. Bd4 {[%emt 0:07:14]} Kf7 {[%emt 0:03:18]} 24. Rac1 {[%emt 0:10:22]} g5 {[%emt 0:00:26]} 25. Rf1 {[%emt 0:00:09]} g4 {[%emt 0:00:30]} 26. cxb5 {[%emt 0:00:30]} axb5 {[%emt 0:02:33]} 27. Rc7 {[%emt 0:03:48]} Bc6 {[%emt 0:01:04]} 28. Rc1 {[%emt 0:00:11]} Kg6 {[%emt 0:04:17]} 29. R7xc6 {[%emt 0:01:08]} dxc6 {[%emt 0:00:06]} 30. Rc5 {[%emt 0:00:03]} e5 {[%emt 0:00:52]} 31. fxe5 {[%emt 0:00:23]} gxh3 {[%emt 0:02:15]} 32. e6 {[%emt 0:01:09]} Qg4 {[%emt 0:01:07]} 33. Qe4+ {[%emt 0:00:30]} Qxe4 {[%emt 0:00:40]} 34. dxe4 {[%emt 0:00:03]} Rh7 {[%emt 0:01:40]} 35. gxh3 {[%emt 0:01:18]} Re8 {[%emt 0:00:53]} 36. e7 {[%emt 0:00:14]} Kf7 {[%emt 0:00:28]} 37. d7 {[%emt 0:02:02]} Rg8+ 38. Kf2 {[%emt 0:00:34]} Kxe7 {[%emt 0:00:24]} 39. Rxc6 {[%emt 0:00:24]} Kxd7 {[%emt 0:00:59]} 40. Rxf6 {[%emt 0:00:13]} Ra8 {[%emt 0:00:00]} 41. Rb6 {[%emt 0:07:06]} Rf7+ 42. Bf6 Kc7 {[%emt 0:08:00]} 1/2-1/2

[Event "FRA-chT Top 12 2019"]
[Site "Brest"]
[Date "2019.05.26"]
[Round "9.8"]
[White "Monpeurt, Cyrielle"]
[Black "Verot, Melanie"]
[Result "1-0"]
[WhiteElo "2166"]
[BlackElo "2069"]
[Annotator "NA"]
[PlyCount "43"]
[EventDate "2019.05.18"]
[EventType "team-tourn"]
[EventCountry "FRA"]
[SourceTitle "playchess.com"]
[Source "ChessBase"]
[SourceQuality "1"]
[TimeControl "40/5400+30:1800+30"]

1. e4 {[%emt 0:00:00]} c5 {[%emt 0:00:00]} 2. Nf3 {[%emt 0:00:00]} Nc6 {[%emt 0:00:18]} 3. d4 {[%emt 0:00:00]} cxd4 {[%emt 0:00:07]} 4. Nxd4 {[%emt 0:00:00]} g6 {[%emt 0:00:10]} 5. Nc3 {[%emt 0:00:14]} Bg7 {[%emt 0:00:23]} 6. Be3 {[%emt 0:00:16]} Nf6 {[%emt 0:00:26]} 7. Nxc6 {[%emt 0:00:10]} bxc6 {[%emt 0:00:19]} 8. e5 {[%emt 0:00:05]} Ng8 {[%emt 0:00:18]} 9. Bd4 {[%emt 0:00:12]} f6 {[%emt 0:01:36]} 10. f4 {[%emt 0:00:09]} Qa5 {[%emt 0:00:39]} 11. Qd2 {[%emt 0:00:24]} fxe5 {[%emt 0:02:36]} 12. fxe5 {[%emt 0:00:06]} Bxe5 {[%emt 0:13:00]} 13. O-O-O {[%emt 0:02:24]} Bxd4 {[%emt 0:18:57]} 14. Qxd4 {[%emt 0:00:21]} Nf6 {[%emt 0:00:09]} 15. Re1 {[%emt 0:00:14]} Qg5+ {[%emt 0:05:59]} 16. Kb1 {[%emt 0:00:48]} c5 {[%emt 0:05:55]} 17. Qd6 {[%emt 0:06:13]} O-O {[%emt 0:19:12]} 18. Rxe7 {[%emt 0:02:56]} Qg4 {[%emt 0:06:07]} 19. Ne4 {[%emt 0:20:28]} Nxe4 {[%emt 0:14:47]} 20. Bc4+ {[%emt 0:00:05]} Kh8 {[%emt 0:00:04]} 21. Qe5+ {[%emt 0:00:31]} Nf6 {[%emt 0:04:18]} 22. Re8 {[%emt 0:01:11]} 1-0

[Event "FRA-chT Top 12 2019"]
[Site "Brest"]
[Date "2019.05.26"]
[Round "9.8"]
[White "Steil-Antoni, Fiona"]
[Black "Harutyunyan, Ruben"]
[Result "1/2-1/2"]
[WhiteElo "2156"]
[BlackElo "2315"]
[Annotator "NA"]
[PlyCount "125"]
[EventDate "2019.05.18"]
[EventType "team-tourn"]
[EventCountry "FRA"]
[SourceTitle "playchess.com"]
[Source "ChessBase"]
[SourceQuality "1"]
[TimeControl "40/5400+30:1800+30"]

1. e4 {[%emt 0:00:00]} c5 {[%emt 0:00:00]} 2. c3 {[%emt 0:00:00]} Nf6 {[%emt 0:00:00]} 3. e5 {[%emt 0:00:20]} Nd5 {[%emt 0:00:00]} 4. d4 {[%emt 0:00:13]} cxd4 {[%emt 0:00:00]} 5. cxd4 {[%emt 0:00:11]} d6 {[%emt 0:00:00]} 6. Nf3 {[%emt 0:00:11]} Nc6 {[%emt 0:00:00]} 7. Bc4 {[%emt 0:00:21]} dxe5 {[%emt 0:00:03]} 8. dxe5 Ndb4 {[%emt 0:00:07]} 9. Qxd8+ {[%emt 0:10:21]} Nxd8 {[%emt 0:00:04]} 10. Na3 {[%emt 0:03:11]} a6 {[%emt 0:05:15]} 11. O-O {[%emt 0:02:46]} e6 {[%emt 0:05:05]} 12. Be3 {[%emt 0:06:49]} Bd7 {[%emt 0:19:02]} 13. Rfd1 {[%emt 0:03:33]} Be7 {[%emt 0:10:24]} 14. Bb3 {[%emt 0:07:38]} b5 {[%emt 0:02:09]} 15. Rac1 {[%emt 0:05:07]} Bc6 {[%emt 0:14:27]} 16. Nb1 {[%emt 0:11:43]} O-O {[%emt 0:05:25]} 17. Nc3 {[%emt 0:03:20]} Bxf3 {[%emt 0:10:33]} 18. gxf3 {[%emt 0:03:35]} Ndc6 {[%emt 0:01:02]} 19. f4 {[%emt 0:12:09]} Na5 {[%emt 0:03:55]} 20. Rd7 {[%emt 0:03:36]} Nxb3 21. axb3 {[%emt 0:00:03]} Rfe8 {[%emt 0:03:38]} 22. Ne4 {[%emt 0:01:59]} Nd5 {[%emt 0:03:36]} 23. Rc6 {[%emt 0:04:15]} Rec8 {[%emt 0:08:31]} 24. Rxc8+ {[%emt 0:03:08]} Rxc8 {[%emt 0:00:03]} 25. Nc3 {[%emt 0:04:03]} Rc7 {[%emt 0:02:28]} 26. Rxc7 {[%emt 0:00:23]} Nxc7 {[%emt 0:00:01]} 27. Bb6 {[%emt 0:00:28]} Na8 {[%emt 0:01:05]} 28. Ba5 {[%emt 0:03:11]} Kf8 {[%emt 0:00:32]} 29. Kg2 {[%emt 0:02:31]} Ke8 {[%emt 0:00:16]} 30. Kf3 {[%emt 0:00:38]} Kd7 {[%emt 0:00:10]} 31. Ke4 {[%emt 0:02:48]} g6 {[%emt 0:06:55]} 32. Kd4 {[%emt 0:01:47]} Kc6 33. Ne4 h6 {[%emt 0:00:44]} 34. b4 {[%emt 0:04:02]} Bh4 {[%emt 0:00:35]} 35. Ke3 {[%emt 0:00:47]} Kd5 {[%emt 0:00:47]} 36. Nc5 {[%emt 0:01:01]} Be7 {[%emt 0:00:27]} 37. Nxa6 {[%emt 0:00:54]} Kc4 {[%emt 0:00:36]} 38. Kd2 {[%emt 0:01:26]} g5 {[%emt 0:00:21]} 39. fxg5 {[%emt 0:00:30]} hxg5 {[%emt 0:00:21]} 40. Nb8 {[%emt 0:00:29]} Kd5 {[%emt 0:00:44]} 41. Nd7 {[%emt 0:01:45]} Ke4 {[%emt 0:10:05]} 42. Ke2 {[%emt 0:02:18]} g4 {[%emt 0:02:36]} 43. Nf6+ {[%emt 0:03:46]} Kf4 {[%emt 0:03:49]} 44. Kf1 {[%emt 0:09:12]} Kf3 {[%emt 0:01:49]} 45. b3 {[%emt 0:03:45]} Bf8 {[%emt 0:06:34]} 46. Ne8 {[%emt 0:00:33]} Bh6 {[%emt 0:04:18]} 47. Nd6 {[%emt 0:00:15]} Bf4 {[%emt 0:00:19]} 48. Nxf7 {[%emt 0:00:41]} Bxh2 {[%emt 0:01:22]} 49. Ng5+ {[%emt 0:00:55]} Kf4 {[%emt 0:00:16]} 50. Kg2 {[%emt 0:02:00]} Kxg5 {[%emt 0:00:25]} 51. Kxh2 {[%emt 0:00:13]} Kf4 {[%emt 0:00:05]} 52. Kg2 {[%emt 0:04:00]} Kxe5 {[%emt 0:00:08]} 53. Kg3 {[%emt 0:00:11]} Kf5 {[%emt 0:00:06]} 54. f3 {[%emt 0:00:32]} gxf3 {[%emt 0:00:05]} 55. Kxf3 {[%emt 0:00:02]} Ke5 {[%emt 0:01:20]} 56. Ke3 {[%emt 0:00:01]} Kd5 {[%emt 0:01:54]} 57. Kd3 {[%emt 0:01:48]} Kc6 {[%emt 0:00:57]} 58. Kd4 {[%emt 0:02:06]} Kd6 {[%emt 0:00:08]} 59. Bd8 {[%emt 0:01:24]} Kd7 {[%emt 0:00:28]} 60. Ba5 {[%emt 0:00:21]} Kd6 {[%emt 0:00:46]} 61. Bd8 {[%emt 0:00:04]} Kd7 {[%emt 0:02:38]} 62. Ba5 {[%emt 0:00:02]} Kd6 {[%emt 0:00:27]} 63. Ke4 {Ke5+} 1/2-1/2

[Event "FRA-chT Top 12 2019"]
[Site "Brest"]
[Date "2019.05.26"]
[Round "9.8"]
[White "De Seroux, Camille"]
[Black "Haussernot, Cecile"]
[Result "0-1"]
[WhiteElo "2143"]
[BlackElo "2097"]
[Annotator "NA"]
[PlyCount "88"]
[EventDate "2019.05.18"]
[EventType "team-tourn"]
[EventCountry "FRA"]
[SourceTitle "playchess.com"]
[Source "ChessBase"]
[SourceQuality "1"]
[TimeControl "40/5400+30:1800+30"]

1. d4 {[%emt 0:00:00]} d5 {[%emt 0:00:00]} 2. Bf4 {[%emt 0:00:06]} c5 {[%emt 0:00:35]} 3. e3 {[%emt 0:00:55]} Nf6 {[%emt 0:01:25]} 4. c3 {[%emt 0:02:17]} Qb6 {[%emt 0:00:38]} 5. Qb3 {[%emt 0:07:50]} c4 {[%emt 0:00:07]} 6. Qxb6 {[%emt 0:01:47]} axb6 {[%emt 0:00:04]} 7. Na3 {[%emt 0:02:57]} Nc6 {[%emt 0:10:47]} 8. Nf3 {[%emt 0:18:28]} Bf5 {[%emt 0:32:50]} 9. Be2 {[%emt 0:08:49]} Ra5 {[%emt 0:16:12]} 10. Bc7 {[%emt 0:11:04]} Kd7 {[%emt 0:06:07]} 11. Bxb6 {[%emt 0:12:11]} Ra6 {[%emt 0:00:38]} 12. Bc5 {[%emt 0:01:29]} Ne4 {[%emt 0:11:10]} 13. O-O {[%emt 0:10:15]} e6 {[%emt 0:01:11]} 14. Bxf8 {[%emt 0:01:34]} Rxf8 {[%emt 0:00:05]} 15. Nb1 {[%emt 0:05:10]} Rb6 {[%emt 0:01:32]} 16. b3 {[%emt 0:03:09]} cxb3 {[%emt 0:00:08]} 17. axb3 {[%emt 0:00:06]} Rxb3 {[%emt 0:00:07]} 18. c4 {[%emt 0:00:54]} Rb2 {[%emt 0:01:13]} 19. cxd5 {[%emt 0:02:42]} exd5 {[%emt 0:00:32]} 20. Bd3 {[%emt 0:03:49]} Nb4 {[%emt 0:00:37]} 21. Ne5+ {[%emt 0:02:02]} Ke6 {[%emt 0:02:01]} 22. f3 {[%emt 0:01:30]} Nd6 {[%emt 0:00:16]} 23. Bxf5+ {[%emt 0:01:11]} Nxf5 {[%emt 0:00:06]} 24. Re1 {[%emt 0:00:27]} Nc2 {[%emt 0:00:23]} 25. Re2 {[%emt 0:00:28]} Rc8 {[%emt 0:01:21]} 26. Na3 {[%emt 0:00:44]} Rc3 {[%emt 0:02:33]} 27. Nxc2 {[%emt 0:00:54]} Rcxc2 {[%emt 0:00:08]} 28. Rxc2 {[%emt 0:00:18]} Rxc2 {[%emt 0:00:04]} 29. Rb1 {[%emt 0:00:26]} Nxe3 {[%emt 0:01:02]} 30. Nd3 {[%emt 0:00:49]} Rxg2+ {[%emt 0:00:34]} 31. Kh1 {[%emt 0:00:01]} Rd2 {[%emt 0:00:11]} 32. Nc5+ {[%emt 0:00:33]} Kf5 {[%emt 0:00:18]} 33. Nxb7 {[%emt 0:00:30]} Kf4 {[%emt 0:02:06]} 34. Nd6 {[%emt 0:00:48]} f5 {[%emt 0:00:31]} 35. Ne8 {[%emt 0:00:33]} g5 {[%emt 0:00:54]} 36. Nf6 {[%emt 0:00:21]} h6 {[%emt 0:00:16]} 37. Kg1 {[%emt 0:00:44]} Kxf3 {[%emt 0:00:30]} 38. Ng8 {[%emt 0:00:29]} h5 {[%emt 0:00:51]} 39. h3 {[%emt 0:00:24]} Kg3 {[%emt 0:01:34]} 40. Nf6 {[%emt 0:00:29]} h4 {[%emt 0:00:24]} 41. Re1 {[%emt 0:01:08]} f4 {[%emt 0:00:54]} 42. Kh1 {[%emt 0:00:54]} f3 {[%emt 0:01:22]} 43. Ng4 {[%emt 0:05:37]} Nxg4 {[%emt 0:00:36]} 44. hxg4 {[%emt 0:00:25]} Rh2+ {[%emt 0:00:05]} 0-1

[Event "FRA-chT Top 12 2019"]
[Site "Brest"]
[Date "2019.05.26"]
[Round "9.8"]
[White "Fruteau, Sabine"]
[Black "Skripchenko, Almira"]
[Result "0-1"]
[WhiteElo "2015"]
[BlackElo "2406"]
[Annotator "NA"]
[PlyCount "66"]
[EventDate "2019.05.18"]
[EventType "team-tourn"]
[EventCountry "FRA"]
[SourceTitle "playchess.com"]
[Source "ChessBase"]
[SourceQuality "1"]
[TimeControl "40/5400+30:1800+30"]

1. b3 {[%emt 0:00:00]} c5 {[%emt 0:01:38]} 2. c4 {[%emt 0:01:45]} Nf6 {[%emt 0:01:43]} 3. Bb2 {[%emt 0:00:08]} b6 {[%emt 0:03:22]} 4. Nf3 {[%emt 0:04:13]} Bb7 {[%emt 0:00:11]} 5. e3 {[%emt 0:00:06]} e6 {[%emt 0:02:04]} 6. Be2 {[%emt 0:03:20]} Be7 {[%emt 0:01:08]} 7. O-O {[%emt 0:00:33]} O-O {[%emt 0:00:04]} 8. d3 {[%emt 0:00:29]} d5 {[%emt 0:00:45]} 9. Nbd2 {[%emt 0:05:24]} Nbd7 {[%emt 0:04:46]} 10. a3 {[%emt 0:09:23]} Bd6 {[%emt 0:02:35]} 11. Qc2 {[%emt 0:07:48]} Qe7 {[%emt 0:00:16]} 12. Rfe1 {[%emt 0:03:13]} Rac8 {[%emt 0:01:09]} 13. Rac1 {[%emt 0:01:02]} Bb8 {[%emt 0:04:25]} 14. Nf1 {[%emt 0:15:20]} e5 {[%emt 0:06:06]} 15. Ng3 {[%emt 0:07:21]} Rfe8 {[%emt 0:03:40]} 16. e4 {[%emt 0:04:26]} d4 {[%emt 0:04:07]} 17. Rb1 {[%emt 0:07:22]} Nf8 {[%emt 0:03:31]} 18. Bc1 {[%emt 0:00:23]} N6d7 {[%emt 0:00:48]} 19. Nf5 {[%emt 0:04:31]} Qd8 {[%emt 0:00:55]} 20. Bf1 {[%emt 0:08:24]} Ne6 {[%emt 0:00:45]} 21. b4 {[%emt 0:03:53]} g6 {[%emt 0:01:03]} 22. Ng3 {[%emt 0:01:34]} Bd6 {[%emt 0:00:15]} 23. Nd2 {[%emt 0:05:32]} Rf8 {[%emt 0:03:06]} 24. Nf3 {[%emt 0:02:52]} f5 {[%emt 0:02:18]} 25. Bh6 {[%emt 0:02:13]} Rf7 {[%emt 0:02:22]} 26. bxc5 {[%emt 0:00:56]} Rxc5 {[%emt 0:00:35]} 27. exf5 {[%emt 0:00:32]} gxf5 {[%emt 0:00:08]} 28. Bd2 {[%emt 0:00:28]} Bxf3 {[%emt 0:00:47]} 29. gxf3 {[%emt 0:00:06]} Qh4 {[%emt 0:00:32]} 30. Bb4 {[%emt 0:00:19]} Rc6 {[%emt 0:02:13]} 31. Bxd6 {[%emt 0:00:43]} Rxd6 {[%emt 0:00:04]} 32. c5 {[%emt 0:00:23]} Nexc5 {[%emt 0:01:01]} 33. f4 {[%emt 0:00:55]} exf4 {[%emt 0:00:58]} 0-1

[Event "FRA-chT Top 12 2019"]
[Site "Brest"]
[Date "2019.05.27"]
[Round "10.1"]
[White "Ragger, Markus"]
[Black "Harikrishna, Pentala"]
[Result "1/2-1/2"]
[WhiteElo "2682"]
[BlackElo "2730"]
[Annotator "TA"]
[PlyCount "38"]
[EventDate "2019.05.18"]
[EventType "team-tourn"]
[EventCountry "FRA"]
[SourceTitle "playchess.com"]
[Source "ChessBase"]
[SourceQuality "1"]

{[%evp 22,38,14,11,18,15,10,12,14,5,0,0,3,0,0,0,0,0,0]} 1. e4 e5 2. Nf3 Nc6 3. Bc4 Bc5 4. c3 Nf6 5. d3 d6 6. O-O a6 7. Bb3 Ba7 8. Nbd2 {[%cal Bb1d2,Bd2f1,Bf1g3][%mdl 32]} O-O 9. Re1 h6 10. Nf1 Re8 11. h3 Be6 12. Ng3 {The position is equal.} Bxb3 {C54: Giuoco Piano: 4 c3 Nf6, main lines with 5 d4 and 5 d3} 13. Qxb3 Qd7 14. Be3 Bxe3 15. Rxe3 d5 16. Rae1 {[#]} Na5 $146 {[%cal Ra5b3]} ({Predecessor:} 16... dxe4 17. dxe4 Na5 18. Qc2 Rad8 19. b3 Nc6 20. R3e2 {½-½ (52) Harikrishna,P (2762)-Matlakov,M (2691) Germany 2017}) 17. Qa3 Nc6 18. Qb3 Na5 19. Qa3 Nc6 1/2-1/2

[Event "FRA-chT Top 12 2019"]
[Site "Brest"]
[Date "2019.05.27"]
[Round "10.1"]
[White "Safarli, Eltaj"]
[Black "Amin, Bassem"]
[Result "1/2-1/2"]
[WhiteElo "2624"]
[BlackElo "2704"]
[Annotator "TA"]
[PlyCount "55"]
[EventDate "2019.05.18"]
[EventType "team-tourn"]
[EventCountry "FRA"]
[SourceTitle "playchess.com"]
[Source "ChessBase"]
[SourceQuality "1"]

{[%evp 12,55,14,6,22,19,7,19,19,20,28,9,18,14,0,-12,17,0,0,0,0,0,0,0,0,0,6,0,18,0,0,0,0,0,0,0,0,0,0,0,0,0,0,0,0,0]} 1. c4 e5 2. g3 Nc6 3. Bg2 f5 4. Nc3 Nf6 5. d3 Bb4 6. Bd2 O-O 7. Nd5 Bxd2+ {A25: English Opening vs King's Indian with ...Nc6 but without early d3} 8. Qxd2 d6 9. e3 (9. Nh3 f4 10. Ng5 h6 11. Nxf6+ Qxf6 12. Ne4 Qg6 13. O-O-O Nd4 14. e3 f3 15. Bf1 {0-1 (41) Sonis,F (2440)-Sasikiran,K (2688) Helsingor 2017}) 9... e4 10. f4 $146 ({Predecessor:} 10. Nxf6+ Qxf6 11. d4 d5 12. cxd5 Ne7 13. Ne2 Nxd5 14. Nc3 Be6 15. O-O {0-1 (30) Cvetkovic,S (2436)-Solak,D (2563) Budva 2004}) 10... Be6 11. dxe4 Nxe4 {The position is equal.} 12. Bxe4 fxe4 13. Ne2 Ne7 14. O-O-O c6 15. Nxe7+ Qxe7 16. Qxd6 Qf7 17. Nc3 Bxc4 18. Rd4 Bd3 19. Rd1 Rae8 20. b3 Re6 21. Qd7 $1 Re7 22. Qd6 Re6 23. Qd7 $1 Qf6 24. Qxb7 c5 25. Nxe4 Bxe4 26. Rxe4 {And now Qd5 would win.} Qa1+ {[%mdl 64] [#] Double Attack} 27. Kc2 Qxa2+ 28. Kc1 $1 {Accuracy: White = 73%, Black = 69%.} ({Wrong is} 28. Kc3 $2 Qg2 $19) 1/2-1/2

[Event "FRA-chT Top 12 2019"]
[Site "Brest"]
[Date "2019.05.27"]
[Round "10.1"]
[White "Donchenko, Alexander"]
[Black "Oleksiyenko, Mykhaylo"]
[Result "1/2-1/2"]
[WhiteElo "2595"]
[BlackElo "2595"]
[Annotator "ChessBase"]
[PlyCount "97"]
[EventDate "2019.05.18"]
[EventType "team-tourn"]
[EventCountry "FRA"]
[SourceTitle "playchess.com"]
[Source "ChessBase"]
[SourceQuality "1"]
[TimeControl "40/5400+30:1800+30"]

1. c4 {[%emt 0:00:00]} e6 {[%emt 0:00:00]} 2. g3 {[%emt 0:00:00]} Nf6 {[%emt 0:00:26]} 3. Bg2 {[%emt 0:00:00]} d5 {[%emt 0:00:09]} 4. Nf3 {[%emt 0:00:22]} d4 {[%emt 0:01:37]} 5. d3 {[%emt 0:00:13]} c5 {[%emt 0:04:12]} 6. e4 {[%emt 0:00:31]} Nc6 {[%emt 0:00:18]} 7. e5 {[%emt 0:00:09]} Nd7 {[%emt 0:00:18]} 8. Bf4 {[%emt 0:00:08]} Qc7 {[%emt 0:05:26]} 9. Nbd2 {[%emt 0:00:31]} Ne7 {[%emt 0:03:48]} 10. Ne4 {[%emt 0:08:02]} Ng6 {[%emt 0:00:33]} 11. Qd2 {[%emt 0:14:14]} Be7 {[%emt 0:01:43]} 12. O-O {[%emt 0:01:32]} O-O {[%emt 0:00:42]} 13. Rfe1 {[%emt 0:02:46]} a5 {[%emt 0:04:37]} 14. Bg5 {[%emt 0:07:03]} h6 {[%emt 0:26:45]} 15. Bf4 {[%emt 0:32:15]} Ra6 {[%emt 0:13:39]} 16. h4 {[%emt 0:00:38]} Nxf4 {[%emt 0:00:53]} 17. Qxf4 {[%emt 0:00:21]} f5 {[%emt 0:02:28]} 18. exf6 {[%emt 0:06:56]} Qxf4 {[%emt 0:00:05]} 19. gxf4 {[%emt 0:00:06]} Nxf6 {[%emt 0:05:50]} 20. Ne5 {[%emt 0:00:56]} Kh7 {[%emt 0:02:19]} 21. Ng3 {[%emt 0:03:05]} Bd6 {[%emt 0:01:51]} 22. Re2 {[%emt 0:01:50]} a4 {[%emt 0:02:39]} 23. Rae1 {[%emt 0:02:42]} Rb6 {[%emt 0:00:26]} 24. Bh3 {[%emt 0:03:24]} Ne8 {[%emt 0:04:56]} 25. h5 {[%emt 0:00:57]} Bxe5 {[%emt 0:05:12]} 26. fxe5 {[%emt 0:01:13]} Rc6 {[%emt 0:02:48]} 27. Rf1 {[%emt 0:01:21]} Rf4 {[%emt 0:01:39]} 28. Re4 {[%emt 0:00:39]} Rf3 {[%emt 0:00:26]} 29. Bg2 {[%emt 0:00:55]} Rf8 {[%emt 0:01:08]} 30. f4 {[%emt 0:00:26]} Rc7 {[%emt 0:00:24]} 31. Re2 {[%emt 0:01:01]} Kg8 {[%emt 0:02:13]} 32. Be4 {[%emt 0:01:19]} Bd7 {[%emt 0:01:33]} 33. Bg6 {[%emt 0:03:08]} Bc6 {[%emt 0:00:34]} 34. f5 {[%emt 0:02:22]} Re7 {[%emt 0:01:24]} 35. f6 {[%emt 0:01:02]} gxf6 {[%emt 0:01:06]} 36. exf6 {[%emt 0:00:02]} Rxf6 {[%emt 0:02:18]} 37. Rxf6 {[%emt 0:01:32]} Nxf6 {[%emt 0:00:02]} 38. Nf5 {[%emt 0:00:07]} Kf8 {[%emt 0:00:27]} 39. Nxe7 {[%emt 0:01:13]} Kxe7 {[%emt 0:00:03]} 40. Bf5 {[%emt 0:03:18]} Bd7 {[%emt 0:00:15]} 41. Be4 {[%emt 0:02:22]} b5 {[%emt 0:03:24]} 42. b3 {[%emt 0:04:53]} axb3 {[%emt 0:01:47]} 43. axb3 {[%emt 0:00:11]} bxc4 {[%emt 0:00:04]} 44. bxc4 {[%emt 0:00:11]} Nxh5 {[%emt 0:00:08]} 45. Rh2 {[%emt 0:02:06]} Nf6 {[%emt 0:00:35]} 46. Rxh6 {[%emt 0:00:44]} Nxe4 {[%emt 0:05:38]} 47. dxe4 {[%emt 0:00:53]} Ba4 {[%emt 0:00:11]} 48. Kf2 {[%emt 0:09:07]} Bb3 {[%emt 0:01:29]} 49. e5 {[%emt 0:02:56]} 1/2-1/2

[Event "FRA-chT Top 12 2019"]
[Site "Brest"]
[Date "2019.05.27"]
[Round "10.1"]
[White "Fedorov, Alexei"]
[Black "Nihal Sarin"]
[Result "1/2-1/2"]
[WhiteElo "2566"]
[BlackElo "2598"]
[Annotator "ChessBase"]
[PlyCount "42"]
[EventDate "2019.05.18"]
[EventType "team-tourn"]
[EventCountry "FRA"]
[SourceTitle "playchess.com"]
[Source "ChessBase"]
[SourceQuality "1"]
[TimeControl "40/5400+30:1800+30"]

1. e4 {[%emt 0:00:00]} c5 {[%emt 0:00:00]} 2. Ne2 {[%emt 0:01:42]} Nc6 {[%emt 0:01:18]} 3. Nbc3 {[%emt 0:00:30]} Nf6 {[%emt 0:01:55]} 4. g3 {[%emt 0:00:28]} d5 {[%emt 0:03:45]} 5. exd5 {[%emt 0:00:56]} Nxd5 {[%emt 0:00:09]} 6. Bg2 {[%emt 0:00:18]} Nxc3 {[%emt 0:00:47]} 7. Nxc3 {[%emt 0:01:14]} h5 {[%emt 0:24:53]} 8. d3 {[%emt 0:11:37]} Bg4 {[%emt 0:20:07]} 9. Bxc6+ {[%emt 0:03:28]} bxc6 {[%emt 0:03:12]} 10. f3 {[%emt 0:00:07]} Bf5 {[%emt 0:04:32]} 11. Be3 {[%emt 0:08:50]} Rb8 {[%emt 0:05:31]} 12. b3 {[%emt 0:01:46]} g6 {[%emt 0:02:34]} 13. Na4 {[%emt 0:15:26]} Bg7 {[%emt 0:01:04]} 14. Rc1 {[%emt 0:00:27]} Bd4 {[%emt 0:07:34]} 15. Qd2 {[%emt 0:05:47]} Qd5 {[%emt 0:00:42]} 16. Kf2 {[%emt 0:01:06]} O-O {[%emt 0:10:02]} 17. Rhe1 {[%emt 0:01:05]} Rfe8 {[%emt 0:00:40]} 18. Rcd1 {[%emt 0:03:32]} Rbd8 {[%emt 0:01:19]} 19. Qa5 {[%emt 0:04:42]} c4 {[%emt 0:04:00]} 20. Qxd5 {[%emt 0:04:40]} Bxe3+ {[%emt 0:00:01]} 21. Kxe3 {[%emt 0:13:19]} cxd5 {[%emt 0:00:06] Ke4} 1/2-1/2